| 000 | 00657nam a22002177a 4500 | ||
|---|---|---|---|
| 999 |
_c190534 _d190534 |
||
| 005 | 20220727125804.0 | ||
| 010 | _aENG-134039 | ||
| 020 |
_c1400.00 _a9788193985007 |
||
| 035 | _aEN-117571 | ||
| 037 | _bDBAD/PUB | ||
| 082 | _a342.54087 | ||
| 245 |
_aDisability: _bAn Overview/ _cEd. by Shirly G [et.al...] |
||
| 260 |
_aKerala _bNational Institute of Speech & Hearing _c2019 |
||
| 270 |
_aNISH Road, Thiruvananthapuram _bKerala _e695017 |
||
| 300 |
_a430p. _c24cm(pbk) _bIndex |
||
| 700 | _aG, Shirly | ||
| 700 | _aKunnath, Suja K | ||
| 700 | _aVarghese, Anne | ||
| 700 | _aGeorge, Vinitha Mary | ||
| 942 |
_2ddc _cEN _h342.54087 _mDIS |
||